Epistolario a Rusiñol en el 'Cau Ferrat' / J. F. Ràfols
Descripción Física:
29 p., [2] làm. ; 19 cm
Materias:
Rusiñol, Santiago -- Epistolaris
MARC
| LEADER | 00000nam a2200000Ia 4500 | ||
|---|---|---|---|
| 001 | 11353 | ||
| 008 | 160829s1944 xx 000 0 cat d | ||
| 080 | |a FU-3-16 | ||
| 100 | |a Ràfols, Josep F. |9 22425 | ||
| 245 | |a Epistolario a Rusiñol en el 'Cau Ferrat' / J. F. Ràfols | ||
| 260 | |a Barcelona : |b (Imp. Casa Prov. de Caridad), |c 1944 | ||
| 300 | |a 29 p., [2] làm. ; |c 19 cm | ||
| 650 | |a Rusiñol, Santiago |x Epistolaris |9 22426 | ||
| 856 | 4 | |u https://media.diba.cat/diba/fitxers/arxiu/fulletons/bib_11353_baixa.pdf |y Accés lliure | |
| 856 | 4 | |u https://media.diba.cat/diba/fitxers/arxiu/fulletons/bib_11353_baixa.pdf |y Accés lliure | |
| 901 | |a Arxiu | ||
| 942 | |n 1 |2 udc | ||
| 952 | |0 0 |1 0 |4 0 |6 FU316 |7 1 |9 42218 |a Arxiu |b Arxiu |d 2016-12-01 |l 0 |o FU-3-16 |p 11353 |r 2016-12-01 00:00:00 |w 2016-12-01 |y ARXIU | ||
| 999 | |c 44665 |d 44665 | ||
| 900 | |a bib_11353_baixa.pdf | ||